The zero marginal cost society : (Record no. 8134)

MARC details
000 -LEADER
fixed length control field 00540nam a22001577a 4500
008 - FIXED-LENGTH DATA ELEMENTS--GENERAL INFORMATION
fixed length control field 190712b ||||| |||| 00| 0 eng d
020 ## - INTERNATIONAL STANDARD BOOK NUMBER
International Standard Book Number 9781137280114
082 ## - DEWEY DECIMAL CLASSIFICATION NUMBER
Classification number 330 RIF
100 ## - MAIN ENTRY--PERSONAL NAME
Personal name Rifkin, Jeremy
245 ## - TITLE STATEMENT
Title The zero marginal cost society :
Remainder of title the internet of things, the collaborative commons, and the eclipse of capitalism
260 ## - PUBLICATION, DISTRIBUTION, ETC.
Place of publication, distribution, etc. New York :
Name of publisher, distributor, etc. Palgrave Macmillan,
Date of publication, distribution, etc. 2014.
300 ## - PHYSICAL DESCRIPTION
Extent 356 pages ;
Dimensions 25 cm.
500 ## - GENERAL NOTE
General note Includes bibliographical references
650 ## - SUBJECT ADDED ENTRY--TOPICAL TERM
Topical term or geographic name entry element Capitalism; Cost; Cooperation;
942 ## - Added entry Elements (Koha)
Source of classification or shelving scheme Dewey Decimal Classification
Holdings
Withdrawn status Lost status Source of classification or shelving scheme Damaged status Not for loan Collection code Home library Current library Shelving location Date acquired Serial Enumeration / chronology Total Checkouts Total Renewals Full call number Barcode Date last seen Date last checked out Price effective from Koha item type
    Dewey Decimal Classification     Main TEST RTC Library RTC Library Main opac 12/07/2019 14051 2 3 330 FRE 30013907 07/08/2024 01/08/2024 12/07/2019 Main
Royal Thimphu College || All Right Reserved